| 000 | 01590ncm a2200421 a 4500 | ||
|---|---|---|---|
| 999 |
_c317040 _d317040 |
||
| 003 | BLK | ||
| 005 | 20250127155246.0 | ||
| 008 | 180414b bul |a|er|||| |0| c|bulo| | ||
| 010 | _aNOT00003255000 | ||
| 040 | _aBLK | ||
| 041 |
_aBUL _cBUL |
||
| 080 |
_aВиола _b787.2 _z787.2 |
||
| 080 |
_aДуо виола и пиано _b785.72:787.2:786.2 _z785.72:787.2:786.2 |
||
| 139 |
_aПиеси за виола _bП 51 |
||
| 245 | 1 | 0 |
_aПиеси за виола _bСъс съпр. на пиано _cсъстав. Димитър Николов Чиликов. |
| 254 | _aКлавир+щим | ||
| 257 | _aBGR | ||
| 260 |
_bМузика _c1987 _aСофия |
||
| 300 |
_a38 с. _c33 см _eщим 11 с. |
||
| 380 | _a7 | ||
| 500 | _aКъм Инв. № 478724 липсва щим | ||
| 505 |
_gЗа соло виола _rАлфред Пошон. _tПасакалия |
||
| 505 |
_rЖозеф Йонген. _tАлегро апасионато |
||
| 505 |
_rАрман Бурнонвил. _tАпасионато |
||
| 650 | 4 |
_aВиола - сонати, сонатини, пиеси _9353437 |
|
| 650 | 7 |
_aДуо - виола и пиано _2 _9153858 |
|
| 653 | _aвиола | ||
| 653 | _aпиеси | ||
| 700 | 1 |
_aЧиликов, Димитър Николов _eсъстав. _9366159 |
|
| 852 |
_aЦб М ІІ 10345 _p3 |
||
| 856 | 4 |
_qpdf _u |
|
| 856 | 4 |
_qpdf _u |
|
| 942 |
_cNOT _n0 _s1 |
||
| 944 |
_aCR _c27.09.2010 _k30560 _lГеновева Генчева |
||
| 944 |
_aED _c27.09.2010 |
||
| 944 |
_aED _c2020-04-06 _kРенета Константинова |
||
| 999 | _d317040 | ||